000 00805nas a2200253 4500
001 BR9508818
003 BR-BrBNA
005 20231205095513.0
007 ta
008 230509b bl.|||p| |||| 00| 00por d
040 _aBR-BrBNA
_bpor
_cBiblioteca Nacional de Agricultura
041 _a(Pt)
072 _aF61
100 1 _aCastro, P.R.C.
100 1 _aAppezzato-da-Gloria, B.
100 1 _aDechen, A.R.
245 1 _aAnalise comparada da nutricao mineral e dos caracteres tecnologicos do sorgo sacarino (Sorghum bicolor (L.)Moench)
650 _aSorgo Acucareiro
650 _aNutriente Mineral
650 _aFolha
773 0 _tRevista de Agricultura (Brazil)
_xISSN 0034-7655
_g(Jun 1995), v. 70(1) p. 117-129
_wBR9508818
909 _a202311
_bLúcia
_c55
_dLúcia Elande
942 _2AGRIS
_n0
_cANA
999 _c151089
_d151089